006530000a220012100045001000020000002450023000203000046000435200282000897730045003719420008004169520090004249990017005141 aJunca, Humberto10aMecánica popular aVol.0, núm.20 (Mayo, 2007), Página 20 aAunque prefiere no llamarlas máquinas, quizá no hay mejor manera de hablar de las obras de la joven artista bogotana. Brazos que chocan copas o perillas que hacen fumar le han abierto un lugar en la próxima Feria de Arte de Buenos Aires. ¿De dónde salió esta idea?0 tArcadia / Andrés Felipe Solano, Editor cANA 001040708HEMaFUSBCbFUSBCd2016-01-26l0o r2016-01-26 00:00:00w2016-01-26yANA c62188d62188